Statistics for Badly Drawn Countries #1

Click here to take the quiz!

General Stats

  • This quiz has been taken 2,365 times
  • The average score is 6 of 8

Answers on the Map

Answers color-coded by a green-red scale on the quiz's map according to % correct below.
 

Answer Stats

Countries% Correct
Russia
91%
Australia
90%
Mexico
89%
China
86%
Norway
82%
Chad
70%
France
49%
Democratic Republic of the Congo
48%

Score Distribution

Percentile by Number Answered

Percent of People with Each Score

Your Score History

You have not taken this quiz